Statistics for Highest-Scoring Jetpunk Quiz #11 in Half The Time

Click here to take the quiz!

General Stats

  • This quiz has been taken 32 times
  • The average score is 10 of 10

Answer Stats

km2country% Correct
8,515,767Brazil
100%
9,525,067United States
100%
2,780,400Argentina
96%
9,984,670Canada
96%
1,964,375Mexico
96%
1,285,216Peru
96%
1,098,581Bolivia
93%
756,102Chile
93%
1,141,748Colombia
93%
916,445Venezuela
93%

Score Distribution

Percentile by Number Answered

Percent of People with Each Score

Your Score History

You have not taken this quiz